Les 150 Joueurs de football Africains les mieux valorisés - Statistiques

Statistiques générales
  • Ce quiz a été pris 60 fois
  • Le résultat moyen est 48 sur 150
Statistiques - réponses
Joueur Pays Poste Club % Correct
Mohamed Salah EGY AD Liverpool FC
98%
Achraf Hakimi MAR DD Paris Saint-Germain
94%
Ademola Lookman NIG AT Atalanta Bergame
90%
Boulaye Dia SEN BU Lazio Roma
87%
Omar Marmoush EGY BU Manchester City
83%
Victor Osimhen NIG BU Galatasaray
83%
André Onana CAM GK Manchester United
81%
Nicolas Jackson SEN BU Chelsea FC
79%
Brahim Díaz MAR AD Real Madrid
77%
Serhou Guirassy GUI BU Borussia Dortmund
75%
Victor Boniface NIG BU Bayer Leverkusen
73%
Bryan Mbeumo CAM AD Brentford FC
67%
Mohammed Kudus GHA MOC West Ham United
67%
Noussair Mazraoui MAR DD Manchester United
67%
Pape Matar Sarr SEN MC Tottenham Hotspurs
65%
Amad Diallo CIV AD Manchester United
63%
Ismaïla Sarr SEN AD Crystal Palace
63%
Habib Diallo SEN BU Damac FC
62%
Edmond Tapsoba BRK DC Bayer Leverkusen
60%
Eliesse Ben Seghir MAR AG AS Monaco
60%
Rayan Aït-Nouri ALG DG Wolverhampton
58%
Yves Bissouma MAL MDC Tottenham Hotspurs
58%
André-Frank Zambo Anguissa CAM MC SSC Napoli
56%
Ousmane Diomandé CIV DC Sporting Portugal
56%
Sadio Mané SEN AG Al Nassr Riyad
56%
Ismaël Bennacer ALG MDC Olympique de Marseille
54%
Thomas Partey GHA MDC Arsenal FC
54%
David Datro Fofana CIV BU Chelsea FC
48%
Iñaki Williams GHA BU Athletic Bilbao
48%
Séko Fofana CIV MC Stade Rennais
48%
Sofyan Amrabat MAR MDC Fenerbahçe
48%
Wilfried Singo CIV DC AS Monaco
48%
Amine Harit MAR MOC Olympique de Marseille
46%
Riyad Mahrez ALG AD Al Ahly Riyad
46%
Yoane Wissa RDC BU Brentford FC
46%
Amine Adli MAR AG Bayer Leverkusen
44%
Bertrand Traoré BRK AD Ajax Amsterdam
44%
Hamed Junior Traoré CIV MOC AJ Auxerre
44%
Nayef Aguerd MAR DC Real Sociedad
44%
Saïd Benrahma ALG AG Olympique Lyonnais
42%
Terem Moffi NIG BU OGC Nice
42%
Carlos Baleba CAM MDC Brighton
40%
Ernest Nuamah GHA AD Olympique Lyonnais
40%
Iliman Ndiaye SEN AT Everton FC
38%
Jérémie Boga CIV AG OGC Nice
38%
Kalidou Koulibaly SEN DC Al Hilal
38%
Lamine Camara SEN MC AS Monaco
38%
Mohamed Camara SEN MDC Al Sadd
38%
Cheick Doucouré MAL MDC Crystal Palace
37%
Krépin Diatta SEN AD AS Monaco
37%
Mohamed Amoura ALG BU VfL Wolfsbourg
37%
Simon Adingra CIV AG Brighton
37%
Sofiane Diop MAR AG OGC Nice
37%
Azzedine Ounahi MAR MC Panathinaïkos
35%
Evan Ndicka CIV DC AS Roma
35%
Moussa Niakhaté SEN DC Olympique Lyonnais
35%
Wilfred Ndidi NIG MDC Leicester City
35%
Bazoumana Touré CIV AG TSG Hoffenheim
33%
El Bilal Touré CIV BU VfB Stuttart
33%
Evann Guessand CIV BU OGC Nice
33%
Habib Diarra SEN MC RC Strasbourg
33%
Moses Simon NIG AG FC Nantes
33%
Odilon Kossounou CIV DC Atalanta Bergame
33%
Franck Kessié CIV MC Al Ahly Riyad
31%
Geoffrey Kondogbia RCA MDC Olympique de Marseille
31%
Mohammed Salisu GHA DC AS Monaco
31%
Samuel Chukwueze NIG AD AC Milan
31%
Alex Iwobi NIG AG Fulham FC
29%
Amadou Haidara MAL MC RB Leipzig
29%
Amine Gouri ALG BU Olympique de Marseille
29%
Houssem Aouar ALG MC Al Ittihad
29%
Osame Sahraoui MAR AG LOSC Lille
29%
Patson Daka ZAM BU Leicester City
29%
Tariq Lamptey GHA DD Brighton
29%
Ibrahim Sangaré CIV MDC Nottingham Forest
27%
Nathan Tella NIG AD Bayer Leverkusen
27%
Oumar Diakité CIV BU Stade de Reims
27%
Zakaria Aboukhlal MAR AD Toulouse FC
27%
Bilal El Khannouss MAR MOC Leicester City
25%
Denis Bouanga GAB AG Los Angeles FC
25%
Ellyes Skhiri TUN MDC Eintracht Francfort
25%
Faris Moumbagna CAM BU Olympique de Marseille
25%
Hicham Boudaoui ALG MC OGC Nice
25%
Mario Lemina GAB MC Wolverhampton
25%
Youssef En-Nesyri MAR BU Fenerbahçe
25%
Kamaldeen Sulemana GHA AG Southampton FC
23%
M'Bala Nzola ANG BU RC Lens
23%
Abakar Sylla CIV DC RC Strasbourg
21%
Anis Hadj Moussa ALG AD Feyenoord Rotterdam
21%
Calvin Bassey NIG DC Fulham FC
21%
Moatasem Al-Musrati LYB MDC AS Monaco
21%
Ngal'Ayel Mukau RDC MDC LOSC Lille
21%
Taiwo Awoniyi NIG BU Nottingham Forest
21%
Dango Ouattara BRK AG AFC Bournemouth
19%
Farès Chaïbi MAR MOC Eintracht Francfort
19%
Ismael Saibari MAR MC PSV Eindhoven
19%
Marshall Munetsi ZIM MC Wolverhampton
19%
Ola Aina NIG DD Nottingham Forest
19%
Youssouf Ndayishimiye BRN DC OGC Nice
19%
Abdalah Sima SEN AD Stade Brestois
17%
Beto BGU BU Everton FC
17%
Chadi Riad MAR DC Crystal Palace
17%
George Ilenikhena NIG BU AS Monaco
17%
Guéla Doué CIV DD RC Strasbourg
17%
Hannibal Mejbri TUN MOC Burnley FC
17%
Ismail Jakobs SEN DG Galatasaray
17%
Karim Konaté MAL BU RB Salzbourg
17%
Yankuba Minteh GAM AD Brighton
17%
Abde Ezzalzouli MAR AG Real Betis Balompié
15%
Akor Adams NIG BU Séville FC
15%
Alexander Djiku GHA DC Fenerbahçe
15%
Antoine Semenyo GHA AD AFC Bournemouth
15%
Arouna Sanganté SEN DC Le Havre AC
15%
El Hadji Malick Diouf SEN AG Slavia Prague
15%
Ibrahim Maza ALG MOC Hertha Berlin SC
15%
Logan Costa CPV DC Villarreal CF
15%
Raphael Onyedika NIG MDC Club Bruges
15%
Alidu Seidu GHA DC Stade Rennais
13%
Ilias Akhomach MAR AD Villarreal CF
13%
Anass Zaroury MAR MOC RC Lens
12%
Emmanuel Agbadou CIV DC Wolverhampton
12%
Gift Orban NIG BU TSG Hoffenheim
12%
Mikayil Faye SEN DC Stade Rennais
12%
Noah Sadiki RDC MC Union Saint-Gilloise
12%
Paul Onuachu NIG BU Southampton FC
12%
Simon Banza RDC BU Trabzonspor
12%
Amir Richardson MAR MC AC Fiorentina
10%
Bright Osayi-Samuel NIG DD Fenerbahçe
10%
Joseph Okumu KEN DC Stade de Reims
10%
Ibrahim Osman GHA AD Feyenoord Rotterdam
8%
Issahaku Fatawu GHA AD Leicester City
8%
Joseph Paintsil GHA AD Los Angeles Galaxy
8%
Kévin Denkey TOG BU FC Cincinnati
8%
Maxwel Cornet CIV AG Genoa Calcio
8%
Reda Belahyane MAR MDC Lazio Roma
8%
Saúl Coco EGU DC Torino FC
8%
David Carmo ANG DC Olympiakos Le Pirée
6%
Frank Onyeka NIG MC FC Augsbourg
6%
Geny Catamo MOZ AD Sporting Portugal
6%
Lyle Foster RSA BU Burnley FC
6%
Malick Yalcouyé MAL AD SK Sturm Graz
6%
Tolu Arokodare NIG BU KRC Genk
6%
Emmanuel Latte Lath CIV BU Atlanta United FC
4%
Enzo Boyomo CAM DC Osasuna
4%
Jackson Tchatchoua CAM DD Hellas Vérone
4%
Oscar Dorley LIB MC Slavia Prague
4%
Zakaria El Ouahdi MAR DD KRC Genk
4%
Franculino BGU BU FC Midtjylland
2%
Michael Olunga KEN BU Al Duhail SC (Qatar)
2%
Silas Wamangituka RDC AD Étoile Rouge de Belgrade
2%
Aucun quiz correspondant
Distribution des résultats
% des personnes avec chaque résultat
Percentile par nombre de réponses
Votre historique - résultats
Vous n’avez pas pris ce quiz